<?xml version="1.0" encoding="UTF-8"?><?xml-stylesheet type="text/xsl" href="static/style.xsl"?><OAI-PMH xmlns="http://www.openarchives.org/OAI/2.0/" xmlns:xsi="http://www.w3.org/2001/XMLSchema-instance" xsi:schemaLocation="http://www.openarchives.org/OAI/2.0/ http://www.openarchives.org/OAI/2.0/OAI-PMH.xsd"><responseDate>2026-06-05T12:35:57Z</responseDate><request verb="GetRecord" identifier="oai:riuma.uma.es:10630/26769" metadataPrefix="marc">https://riuma.uma.es/rest/oai/request</request><GetRecord><record><header><identifier>oai:riuma.uma.es:10630/26769</identifier><datestamp>2026-02-03T10:56:27Z</datestamp><setSpec>com_10630_2254</setSpec><setSpec>col_10630_37953</setSpec></header><metadata><record xmlns="http://www.loc.gov/MARC21/slim" xmlns:dcterms="http://purl.org/dc/terms/" xmlns:doc="http://www.lyncode.com/xoai" xmlns:xsi="http://www.w3.org/2001/XMLSchema-instance" xsi:schemaLocation="http://www.loc.gov/MARC21/slim http://www.loc.gov/standards/marcxml/schema/MARC21slim.xsd">
   <leader>00925njm 22002777a 4500</leader>
   <datafield ind2=" " ind1=" " tag="042">
      <subfield code="a">dc</subfield>
   </datafield>
   <datafield ind2=" " ind1=" " tag="720">
      <subfield code="a">Molina-Ramírez, Sergio</subfield>
      <subfield code="e">author</subfield>
   </datafield>
   <datafield ind2=" " ind1=" " tag="720">
      <subfield code="a">Cortés-Reyes, Marina</subfield>
      <subfield code="e">author</subfield>
   </datafield>
   <datafield ind2=" " ind1=" " tag="720">
      <subfield code="a">Herrera-Delgado, María Concepción</subfield>
      <subfield code="e">author</subfield>
   </datafield>
   <datafield ind2=" " ind1=" " tag="720">
      <subfield code="a">Larrubia-Vargas, María Ángeles</subfield>
      <subfield code="e">author</subfield>
   </datafield>
   <datafield ind2=" " ind1=" " tag="720">
      <subfield code="a">Alemany-Arrebola, Luis José</subfield>
      <subfield code="e">author</subfield>
   </datafield>
   <datafield ind2=" " ind1=" " tag="260">
      <subfield code="c">2023-03-10</subfield>
   </datafield>
   <datafield ind2=" " ind1=" " tag="520">
      <subfield code="a">DeNOx activity in a NSR–SCR hybrid system of two copper-containing chabazite-type zeolitic catalysts was addressed. A Pt-Ba-K/Al2O3 model catalyst was used as the NSR (NOx storage and reduction) catalyst. For the SCR (selective catalytic reduction) system, two Cu-CHA zeolites were synthesized employing a single hydrothermal synthesis method assisted with ultrasound and incorporating Cu in a 2 wt.%, 2Cu-SAPO-34 and 2Cu-SSZ-13. The prepared catalysts were characterized, and the crystallinity, surface area, pore size, HR-TEM and EDX mapping, coordination of Cu ions and acidity were compared. The NH3 storage capacity of the SCR catalysts was 1890 and 837 μmol NH3·g−1cat for 2Cu-SAPO-34 and 2Cu-SSZ-13, respectively. DeNOx activity was evaluated for the single NSR system and the double-bed NSR–SCR by employing alternating lean (3%O2) and rich (1%H2) cycles, maintaining a concentration of 600 ppm NO, 1.5% H2O and 0.3% CO2 between 200 and 350 °C. The addition of the SCR system downstream of the NSR catalyst significantly improved NOx conversion mainly at low temperature, maintaining the selectivity to N2 above 80% and reaching values above 90% at 250 °C when the 2Cu-SSZ-13 catalyst was located. The total reduction in the production of NH3 and ~2% of N2O was observed when comparing the NSR–SCR configuration with the single NSR catalyst.</subfield>
   </datafield>
   <datafield ind1="8" ind2=" " tag="024">
      <subfield code="a">Molina-Ramírez S, Cortés-Reyes M, Herrera C, Larrubia MÁ, Alemany LJ. Comparison of Cu-CHA-Zeolites in the Hybrid NSR-SCR Catalytic System for NOx Abatement in Mobile Sources. Chemistry. 2023; 5(1):602-615. https://doi.org/10.3390/chemistry5010043</subfield>
   </datafield>
   <datafield ind1="8" ind2=" " tag="024">
      <subfield code="a">https://hdl.handle.net/10630/26769</subfield>
   </datafield>
   <datafield ind1="8" ind2=" " tag="024">
      <subfield code="a">10.3390/chemistry5010043</subfield>
   </datafield>
   <datafield tag="653" ind2=" " ind1=" ">
      <subfield code="a">Catalizadores</subfield>
   </datafield>
   <datafield tag="653" ind2=" " ind1=" ">
      <subfield code="a">Motores diesel</subfield>
   </datafield>
   <datafield tag="653" ind2=" " ind1=" ">
      <subfield code="a">Aire -- Contaminación -- Control</subfield>
   </datafield>
   <datafield tag="653" ind2=" " ind1=" ">
      <subfield code="a">Control de la contaminación del aire</subfield>
   </datafield>
   <datafield ind2="0" ind1="0" tag="245">
      <subfield code="a">Comparison of Cu-CHA-zeolites in the hybrid NSR-SCR catalytic system for NOx abatement in mobile sources</subfield>
   </datafield>
</record>
</metadata></record></GetRecord></OAI-PMH>